| 000 | 00422nam a22001697a 4500 | ||
|---|---|---|---|
| 999 |
_c144058 _d144058 |
||
| 020 | _a9789383432905 | ||
| 082 |
_aM4 _bSUK/A |
||
| 100 | _aSukumaran V | ||
| 245 |
_aAksharam ashayam kalapam/ _cby V Sukumaran. |
||
| 250 | _a2nd. | ||
| 260 |
_aThiruvananthapuram: _bChinta, _c2018 |
||
| 300 | _a184p. | ||
| 650 |
_aLiterature Malayalam _vEssays |
||
| 650 | _aLiterature Malayalam | ||
| 650 | _aLiterature | ||
| 942 | _cBK | ||